Declaración de impacto ambiental: modificación sitio de acopio Planta Astilladora San Antonio, V región, Consorcio Maderero S.A
Сохранить в:
| Соавтор: | |
|---|---|
| Формат: | |
| Язык: | испанский |
| Опубликовано: |
Santiago
Sylvae Ltda
2005
|
| Предметы: | |
| Метки: |
Добавить метку
Нет меток, Требуется 1-ая метка записи!
|
MARC
| LEADER | 00000nam a2200000 a 4500 | ||
|---|---|---|---|
| 001 | UCK9985 | ||
| 003 | CL-VaPUC | ||
| 008 | 060623e20051100CL |||||||||||||||||spa|d | ||
| 082 | 0 | 4 | |a 363.731 |b SYL |2 21 |
| 110 | 2 | |a Sylvae Ltda |e author |9 499978 | |
| 245 | 1 | 0 | |a Declaración de impacto ambiental: modificación sitio de acopio Planta Astilladora San Antonio, V región, Consorcio Maderero S.A |
| 300 | |a 40 p | ||
| 942 | |c BK | ||
| 945 | |d 20060623 00:00:00 |a cmena | ||
| 260 | |a Santiago |b Sylvae Ltda |c 2005 | ||
| 500 | |a Incluye anexos | ||
| 600 | 0 | 7 | |a CONSORCIO MADERERO S.A |2 CL-VaPUC |9 499979 |
| 650 | 0 | |a Impacto ambiental |9 262796 | |
| 650 | 7 | |a INDUSTRIA MADERERA |2 CL-VaPUC |9 499980 | |
| 650 | 0 | |a Contaminación ambiental |9 314181 | |
| 650 | 0 | |a Protección del medio ambiente |9 257626 | |
| 650 | 0 | |a Responsabilidad social |9 339076 | |
| 651 | 0 | |a San Antonio (Valparaíso), Chile |9 359835 | |
| 651 | 0 | |a Región 05 |9 267528 | |
| 583 | |a last modification |c 20060623 00:00:00 |k Rodrigo Vera | ||
| 999 | |c 316983 |d 316981 | ||
| 952 | |0 0 |1 0 |4 0 |6 363_731000000000000_SYL_2005 |7 0 |8 P |9 392630 |a BIBING |b BIBING |d 2019-11-22 |i 4238222 |o 363.731 SYL 2005 |p 4238222 |r 2025-01-20 |w 2019-11-22 |y BK |k CCL | ||
| 952 | |0 0 |1 0 |4 0 |6 363_731000000000000_SYL_2005 |7 0 |8 P |9 392631 |a BIBING |b BIBING |d 2019-11-22 |i 4238230 |o 363.731 SYL 2005 |p 4238230 |r 2023-03-02 |w 2019-11-22 |y BK |k CCL | ||
| 952 | |0 0 |1 1 |2 ddc |4 0 |6 363_731000000000000_SYL_2005 |7 0 |8 P |9 392632 |a BIBING |b BIBING |d 2019-11-22 |i 4237919 |o 363.731 SYL 2005 |p 4237919 |r 2023-03-02 |w 2019-11-22 |y BK |k CCL | ||
| 952 | |0 0 |1 0 |4 0 |6 363_731000000000000_SYL_2005 |7 0 |8 P |9 392633 |a BIBING |b BIBING |d 2019-11-22 |i 4237900 |o 363.731 SYL 2005 |p 4237900 |r 2025-01-20 |w 2019-11-22 |y BK |k CCL | ||